00397nam a2200157Ia 45000010006000000050017000060080041000230410008000640820016000721000033000882450065001212600009001863000028001956500008002236540008002312079320260306172831.0260306t2014||||xx |||||||||||||| ||spa|| aESP a343.8bB74I aBorrego Ganoza, LucianaeAUT 0aIncidencia tributaria de los contratos civiles y comerciales c2014 a246 páginas :c24 cm. aGEN aCDE